000 00420nam a2200181Ia 4500
001 17575
005 20260306171527.0
008 260306s9999||||xx |||||||||||||| ||und||
041 _aESP
082 _a658.049
_bB33
100 _aBeamish, Paul W.
_eAUT
245 0 _aInternational management
260 _c2000
300 _a626 páginas :
_c24 cm.
650 _aGEN
654 _aCAN
942 _cLIB
_dJUS
_fJUS
_2ddc
_n
999 _c17575
_d17575